| 000 | 00635nam a2200193Ia 4500 | ||
|---|---|---|---|
| 005 | 20250326143509.0 | ||
| 008 | 250326s9999 xx 000 0 und d | ||
| 020 | _a0-7506-7292-7 | ||
| 037 | _aTextbook | ||
| 040 |
_aFMSL _beng _cFMSL |
||
| 041 |
_aeng _2eng |
||
| 084 |
_aX:513 P3 _qFMSL |
||
| 100 |
_aMcgovern M _9741291 |
||
| 245 | 0 |
_aNew brand of expertise : how independent consultants, free agents and interim managers are transforming the world of work _cMcgovern M; Russell D |
|
| 260 |
_aBoston _bBoston, Butterworth Heinemann _c2005 |
||
| 300 | _a179p | ||
| 942 |
_cTB _hX:513 P3 |
||
| 999 |
_c1299813 _d1299813 |
||